000 00467nam a2200193Ia 4500
003 GCL
008 140319s9999 xx 000 0 eng d
040 _aGCL /
_cGCL
082 0 4 _a192
_bA H
100 1 _aAYER, A. J.
245 1 0 _aHUME /
_cAYER, A. J.
260 _a[S.N] :
_bOXFORD UNIVERSITY PRESS ،
_c1980
300 _a102 P
650 0 4 _aPHILOSOPHY
650 0 4 _aPHILOSOPHERS
650 0 4 _aENGLISH PHILOSOPHY
650 0 4 _aHUME, DAVID
942 _2ddc
_cBK
999 _c11746
_d11746